| 000 | 01080nam0a22002651 4500 | ||
|---|---|---|---|
| 001 | v19\rc\1779606 | ||
| 005 | 20061204163946.9 | ||
| 035 | _a(NLR Aleph) 004874089 | ||
| 090 |
_a5117939 _c5117939 |
||
| 100 | _a20061204d1904 |||y0rusy50 ca | ||
| 101 | 0 | _arus | |
| 102 | _aRU | ||
| 105 | _ay j ||||| | ||
| 200 | 1 |
_aКонспект военной географии, составленный по лекциям, читанным подполковником Мерро в Тверском кавалерийском юнкерском училище в 1903/4 учебном году _f[Сост.] Юнкер 2 спец. класса К. Струпов |
|
| 210 |
_aТверь _cтип. Губ. правл. _d1904 |
||
| 215 |
_a75 с. _d25 |
||
| 700 | 1 |
_aМерро _bМ. И. _f1863- _gМихаил Иванович |
|
| 702 | 1 |
_aСтрупов _bК. А. _gКонстантин Алексеевич _4220 |
|
| 801 | 0 |
_aRU _bNLR _gpsbo |
|
| 801 | 0 |
_aRU _bRuMoRGB _2psbo |
|
| 801 | 1 |
_aRU _bProSoft-M _2rusmarc |
|
| 852 |
_aNLR _j34/1616 |
||
| 899 | _aГПИБ | ||
| 942 | _cBOOK | ||
| 980 | _aNB | ||